000 00882nam a22002777a 4500
001 3108
003 FISKH
005 20240207090141.0
008 240206b cb ||||| |||| 00| 0 eng d
020 _a9780545700818
040 _aFISKH
_beng
_cFISKH
_dFISKH
050 _aQL677.S55
082 _a598.9
100 _aSill, Cathryn
245 _aAbout raptors a guide for children
_cby Sill, Cathryn, illustrated by Sill, John
260 _aNew York :
_bScholastic ,
_c2010
300 _a43 unnumbered pages :
_bcolor illustrations ;
_c23 cm .
490 _a About... A Guide For Children
505 _aJ
520 _aExplains what raptors look like, where they live, what they eat and what a raptor is.
521 8 _a470
_bLexile
521 8 _aJ
_bRaz-Plus
650 _araptors
_vnon-fiction
700 _aSill, John
_eillustrator
942 _2ddc
_cBK
_n0
999 _c3108
_d3108